000 00677nam a2200241Ia 4500
003 OSt
005 20220930064517.0
006 a|||||r|||| 00| 0
007 ta
008 220926b |||||||| |||| 00| 0 hin d
024 _a4324
037 _cTheses
040 _aCRL
_cCRL
_bhin
041 _2hin
_ahin
100 _aJindal Kum Kum
_9524566
110 _aUniversity of Delhi. Faculty of Arts. Department of Sanskrit
245 0 _aMeghdoot ki promukh titaon ka tulnatmak adhyayan
260 _c1983
650 _aSANSKRIT
700 _aUniversity of Delhi. Faculty of Arts. Department of Sanskrit
942 _cDIS
_2CC
999 _c858292
_d858292